000 00679nam a2200241Ia 4500
003 OSt
005 20221006144732.0
006 a|||||r|||| 00| 0
007 ta
008 221006b |||||||| |||| 00| 0 eng d
020 _c173.34
024 _a12,538
037 _cTextual
040 _aEASL
_cEASL
_beng
041 _2eng
_aeng
082 _aV41:19.N77, L8
100 _aROBERT G Sutter
_9652719
245 0 _aChinese foreign policy after the cultural revolution 1966-1977
260 _aNew Delhi
_bAmerican Center Library
_c1978
300 _a178p.
_ccm.
942 _hV41:19.N77, L8
_cTEXL
_2CC
999 _c1080624
_d1080624